BÖCEK AVCISI (Record no. 986242)

MARC details
000 -LEADER
sabit uzunluktaki kontrol alanı 00241nam a2200097Ia 4500
001 - KONTROL NUMARASI
kontrol alanı 986242
005 - EN SON İŞLEMİN TARİH VE ZAMANI
kontrol alanı 20250826221057.0
008 - SABİT-UZUNLUKTA VERİ ÖĞELERİ--GENEL BİLGİ
sabit uzunluktaki kontrol alanı 250824s9999 xx 000 0 und d
245 #0 - ESER / YAZAR
ESER ADI BÖCEK AVCISI
Yazar Adı ARTHUR CONAN DOYLE
260 ## - YAYIN, DAĞITIM, VB.
YAYIN EVİ DOKUZ YAYINCILIK
Holdings
Düşüm durumu Kayıp durumu Hasar Durumu Ödünç verilmez Ana kütüphane Geçerli Kütüphane Edinilen tarih Toplam ödünç verme sayısı Barkod İade tarihi Son görüntüleme tarihi Son ödünç verme tarihi Fiyatın geçerli olmaya başladığı tarih Koha materyal türü
        ŞEMS-İ TEBRİZİ ANADOLU İMAM HATİP LİSESİ ŞEMS-İ TEBRİZİ ANADOLU İMAM HATİP LİSESİ 24.08.2025 1 10677358 17.03.2026 02.03.2026 02.03.2026 26.08.2025 Books